Application of the Seth-Paul - Van Duyse equation 6. Calculation of substituent constants of complex structural fragments

Podrobná bibliografia
Hlavný autor: Perjéssy, A. (Autor)
Médium: Článok
Jazyk:slovenčina
angličtina
PhysicalDescription:Tb. 4. Sch. 1. Res. rus., angl., lit. 47 zázn. v ruš., angl., poľ.
Predmet:

MARC

LEADER 00000nab a2200000 a 4500
001 vtls000158921
003 SK-MaSNL
005 20260304072946.0
008 250423c1983 xo 0 slo
015 |a SNBRB19rr/mm-uuuuu 
035 |a CL0169031 
035 |a urn:nbn:sk:snk-ab7k1r 
035 |a (urnnbn)urn:nbn:sk:snk:ar-005zml 
035 |a (uuid)201d00bb-8c6a-4edb-b339-dae00bcbe434 
040 |a SNKBUCL  |b slo  |c SNKBUCL  |e AACR2 
041 0 |a eng 
044 |a xo  |c SK 
080 |a 541.12.03  |2 1981 
080 |a 547.5  |2 1981 
100 1 |a Perjéssy, A.  |4 aut  |9 828715 
245 1 0 |a Application of the Seth-Paul - Van Duyse equation  |b 6. Calculation of substituent constants of complex structural fragments  |c A. Perjéssy 
300 |b Tb. 4. Sch. 1. Res. rus., angl., lit. 47 zázn. v ruš., angl., poľ. 
650 0 7 |a rovnica Seth-Paul - Van Duyse  |2 snkbucl  |9 1361306 
650 0 7 |a konštanty substitučné  |2 snkbucl  |9 1361307 
655 7 |a články z novín a časopisov  |2 snkbucl  |9 267496 
773 0 |t Chemické zvesti  |g Roč. 37, č. 3 (1983), s. 357-368 
850 |a Slovenská národná knižnica 
852 |a Slovenská národná knižnica 
958 |a article7 
958 |a OND 
958 |a NB 
958 |a RK 
958 |a EUIPO 
992 |a RBX 
999 |c 2768721  |d 2770651